000 00720nam a2200193 i 4500
001 15450
003 ES-MaACL
005 20250213170507.0
007 t|
008 000313s1999 sp ||||1| spa d
080 _a821.134.2-14"19"
100 1 _aPrados, Emilio,
_d1899-1962
_993630
245 1 0 _aDormido en la yerba /
_cEmilio Prados.
260 _aMálaga :
_b[S.n.],
_c1999.
300 _a[4] p. ;
_c17 cm.
500 _aCon motivo de la celebración del Congreso sobre Emilio Prados, se compuso este pliego, en Imprenta Montes de Málaga, el día cuatro de marzo, en conmemoración del primer centenario del nacimiento del poeta.
852 _aES-MaACL
_j2131-F-8
_bR.128249
999 _c15450
_d15450